María de Luna, reina de Aragón / (Record no. 84081)

MARC details
000 -LEADER
campo de control de longitud fija 00552nam a2200169 i 4500
001 - NÚMERO DE CONTROL
campo de control 84081
003 - IDENTIFICADOR DE NÚMERO DE CONTROL
campo de control ES-MaACL
005 - FECHA Y HORA DE LA ÚLTIMA TRANSACCIÓN
campo de control 20230906174936.0
007 - CAMPO FIJO DE DESCRIPCIÓN FÍSICA--INFORMACIÓN GENERAL
campo de control de longitud fija t|
008 - DATOS DE LONGITUD FIJA--INFORMACIÓN GENERAL
campo de control de longitud fija 041119s1942 sp ||||1| spa d
100 1# - ENTRADA PRINCIPAL--NOMBRE DE PERSONA
Nombre de persona Javierre Mur, Aurea Lucinda.
9 (RLIN) 66211
245 10 - MENCIÓN DEL TÍTULO
Título María de Luna, reina de Aragón /
Mención de responsabilidad, etc. Aurea L. Javierre Mur.
260 ## - PUBLICACIÓN, DISTRIBUCIÓN, ETC.
Lugar de publicación, distribución, etc. Madrid :
Nombre del editor, distribuidor, etc. [s.n.,
Fecha de publicación, distribución, etc. 1942] (
Fabricante Diana Artes Gráficas)
300 ## - DESCRIPCIÓN FÍSICA
Extensión 334 p., 1 lám. ;
Dimensiones 25 cm.
600 14 - PUNTO DE ACCESO ADICIONAL DE MATERIA--NOMBRE DE PERSONA
Nombre de persona María
Títulos y otros términos asociados al nombre Reina consorte de Martín I, Rey de Aragón.
9 (RLIN) 157639
852 ## - LOCALIZACIÓN
Ubicación ES-MaACL
Número de control de estantería F-15684
Sublocalización o colección R.20027
Holdings
Estatus retirado Estado de pérdida Estado de daño No para préstamo Biblioteca de origen Biblioteca actual Ubicación en estantería Fecha de adquisición Fuente de adquisición Total de préstamos Signatura topográfica completa Código de barras Visto por última vez Precio de reemplazo Tipo de ítem Koha
        Biblioteca del Ateneo de Madrid Biblioteca del Ateneo de Madrid Sala Pecera Planta 2 17/01/2008     F-15684 1087870 23/02/2023 23/02/2023 Libro impreso